| 000 | 01161cam a2200157 4500500 | ||
|---|---|---|---|
| 005 | 20260111085631.0 | ||
| 041 | _afre | ||
| 042 | _adc | ||
| 100 | 1 | 0 |
_aGautier, Benoît _eauthor |
| 245 | 0 | 0 | _aJoseph O’Connor, Dans la maison de mon père, Traduit de l’anglais (Irlande) par Carine Chichereau. Rivages, 2024, 432 pages, 23,90 €. |
| 260 | _c2024. | ||
| 500 | _a87 | ||
| 520 | _aÉric Rohmer était royaliste et catholique. Par quel miracle ce cinéaste dont les convictions étaient aux antipodes de l’idéologie dominante dans les années 1950-1960 a-t-il pu devenir une figure majeure de la Nouvelle Vague et bénéficier, pendant plus de quatre décennies, du soutien inconditionnel d’une critique majoritairement de gauche et athée ? Cet article reconsidère l’œuvre de Rohmer à travers le prisme des convictions catholiques du cinéaste, que ce dernier a dû dissimuler durant la première partie de sa carrière avant de pouvoir les exprimer plus librement. | ||
| 786 | 0 | _nÉtudes | Jui | 6 | 2024-05-24 | p. 119c-144c | 0014-1941 | |
| 856 | 4 | 1 | _uhttps://shs.cairn.info/revue-etudes-2024-6-page-119c?lang=fr&redirect-ssocas=7080 |
| 999 |
_c1618436 _d1618436 |
||